[Event "Alusta"]
[Site "?"]
[Date "1994.??.??"]
[Round "?"]
[White "Dreev, A."]
[Black "Adorjan, A."]
[Result "0-1"]
[WhiteElo "2645"]
[BlackElo "2565"]
[PlyCount "82"]
[EventDate "1994.??.??"]
[Source "ChessBase"]
[SourceDate "1994.02.01"]

1. d4 Nf6 2. c4 g6 3. Nc3 d5 4. cxd5 Nxd5 5. e4 Nxc3 6. bxc3 Bg7 7. Bc4 O-O 8. Ne2 b6 9. h4 Nc6 10. h5 Na5 11. Bd3 e5 12. Be3 Qe7 13. Qd2 exd4 14. cxd4 Bb7 15. e5 Bxg2 16. Rg1 Bf3 17. Ng3 Qd7 18. Nf5 Nc4 19. Bxc4 Qxf5 20. hxg6 hxg6 21. Rg5 Qh3 22. Qc3 Bh5 23. Rg3 Qh4 24. Bd5 c5 25. Bg5 Qh2 26. Rg2 Qh1+ 27. Kd2 cxd4 28. Rxh1 dxc3+ 29. Kc2 Rad8 30. Bxd8 Rxd8 31. Be4 Rd4 32. Bb7 Rd2+ 33. Kxc3 Rxa2 34. f4 Ra4 35. Rh4 Bxe5+ 36. Kb3 Bd1+ 37. Rc2 Rxf4 38. Rhh2 Rd4 39. Rh1 Bxc2+ 40. Kxc2 Ra4 41. Bc6 Ra2+ 0-1

[Event "Amsterdam NED"]
[Site "Amsterdam NED"]
[Date "1976.??.??"]
[Round "?"]
[White "Korchnoi, Viktor L"]
[Black "Sax, Gyula"]
[Result "1/2-1/2"]
[WhiteElo "2670"]
[BlackElo "2530"]
[PlyCount "107"]
[EventDate "1976.??.??"]
[Source "www.chesslib.no"]
[SourceDate "2004.05.04"]

1. d4 Nf6 2. c4 g6 3. Nc3 d5 4. cxd5 Nxd5 5. e4 Nxc3 6. bxc3 Bg7 7. Bc4 O-O 8. Ne2 b6 9. Be3 Bb7 10. Qc2 Nc6 11. Rb1 Na5 12. Bd3 Rc8 13. c4 e5 14. Bd2 Ba8 15. Bxa5 bxa5 16. d5 c6 17. Qd2 cxd5 18. cxd5 Rc5 19. Qe3 Qd6 20. O-O Rfc8 21. Qg3 Bf8 22. h4 Rd8 23. h5 Rc7 24. Rfd1 Bb7 25. Kh1 Bg7 26. hxg6 hxg6 27. Qg5 a4 28. Kg1 Bc8 29. Rdc1 Bf6 30. Qd2 Bd7 31. Rxc7 Qxc7 32. Bb5 Bxb5 33. Rxb5 Be7 34. Ng3 Rc8 35. Nf1 Qc4 36. Rb7 Bc5 37. d6 Rd8 38. Rc7 Qd4 39. d7 Kg7 40. Qxd4 Bxd4 41. Nd2 Kf6 42. Nc4 a3 43. Na5 Ke6 44. Nc6 Rxd7 45. Rxd7 Kxd7 46. Nxd4 exd4 47. Kf1 Kd6 48. Ke2 Ke5 49. Kd3 g5 50. g3 f6 51. f4+ gxf4 52. gxf4+ Kxf4 53. Kxd4 Kg3 54. e5 1/2-1/2

[Event "Balatonlelle 88/395"]
[Site "?"]
[Date "2003.??.??"]
[Round "?"]
[White "Berkes, F."]
[Black "Navara, D."]
[Result "1-0"]
[WhiteElo "2590"]
[BlackElo "2608"]
[PlyCount "93"]
[EventDate "2003.??.??"]
[Source "Chess Informant"]
[SourceDate "2003.06.01"]

1. d4 Nf6 2. c4 g6 3. Nc3 d5 4. cxd5 Nxd5 5. e4 Nxc3 6. bxc3 Bg7 7. Bc4 O-O 8. Ne2 b6 9. h4 Nc6 10. Bd5 Qd7 11. h5 e6 12. Bb3 Na5 13. Qd3 e5 14. hxg6 hxg6 15. Qg3 Nxb3 16. axb3 Qe7 17. Qh2 f5 18. Qg3 exd4 19. Qxg6 dxc3 20. Qh7+ Kf7 21. exf5 Qf6 22. Qh5+ Kg8 23. g4 c2 24. Ra2 Qc6 25. Qh7+ Kf7 26. Rh6 Rd8 27. Rxc2 Qxc2 28. Rf6+ Kxf6 29. Qg6+ Ke5 30. Qxg7+ Kd5 31. Qd4+ Kc6 32. Qxd8 Qxe2+ 33. Kxe2 Ba6+ 34. Qd3 Re8+ 35. Be3 Bxd3+ 36. Kxd3 Kd5 37. f4 c5 38. g5 b5 39. g6 c4+ 40. bxc4+ bxc4+ 41. Ke2 Rg8 42. Kf3 c3 43. Kg4 Re8 44. f6 c2 45. Bc1 Re1 46. g7 Rg1+ 47. Kf5 1-0

[Event "Lewkowitz Memorial B"]
[Site "Lewkowitz Memorial B"]
[Date "1994.??.??"]
[Round "?"]
[White "Enricci, Juan Andres"]
[Black "Palmo, Pentti Olavi"]
[Result "1-0"]
[WhiteElo "2505"]
[BlackElo "2460"]
[PlyCount "33"]
[EventDate "1994.??.??"]
[Source "www.chesslib.no"]
[SourceDate "2004.05.04"]

1. d4 Nf6 2. c4 g6 3. Nc3 d5 4. cxd5 Nxd5 5. e4 Nxc3 6. bxc3 Bg7 7. Bc4 O-O 8. Ne2 b6 9. h4 Nc6 10. Bd5 Qd7 11. h5 e6 12. Bb3 Ba6 13. hxg6 hxg6 14. Nf4 Qe7 15. Rh3 Na5 16. Nh5 Bh8 17. Qd2 1-0

[Event "Decin"]
[Site "Decin CZE"]
[Date "1977.??.??"]
[Round "?"]
[White "Lilienthal, Andor A"]
[Black "Tompa, Janos"]
[Result "1/2-1/2"]
[WhiteElo "2450"]
[BlackElo "2410"]
[PlyCount "35"]
[EventDate "1977.07.??"]
[Source "www.chesslib.no"]
[SourceDate "2004.05.04"]

1. d4 Nf6 2. c4 g6 3. Nc3 d5 4. cxd5 Nxd5 5. e4 Nxc3 6. bxc3 Bg7 7. Bc4 O-O 8. Ne2 b6 9. O-O Bb7 10. f3 Nc6 11. Be3 e6 12. Qd2 Qd7 13. Rfd1 Na5 14. Bd3 Qa4 15. Bh6 Nc4 16. Bxc4 Qxc4 17. Bxg7 Kxg7 18. e5 1/2-1/2

[Event "EU-Cup Gr2"]
[Site "Montana Crans"]
[Date "1976.01.14"]
[Round "3.2"]
[White "Beyen, Roland"]
[Black "Ribli, Zoltan"]
[Result "0-1"]
[WhiteElo "2280"]
[BlackElo "2575"]
[PlyCount "90"]
[EventDate "1976.01.??"]
[Source "www.chesslib.no"]
[SourceDate "2004.05.04"]

1. d4 Nf6 2. c4 g6 3. Nc3 d5 4. cxd5 Nxd5 5. e4 Nxc3 6. bxc3 Bg7 7. Bc4 O-O 8. Ne2 b6 9. O-O Bb7 10. f3 Nc6 11. Bg5 Qd7 12. Bb5 a6 13. Ba4 b5 14. Bb3 Na5 15. Qd2 Rac8 16. Rfd1 c5 17. d5 c4 18. Bc2 e6 19. Bh6 exd5 20. exd5 Rfe8 21. Bxg7 Kxg7 22. Qd4+ Kg8 23. Rd2 Qxd5 24. Qxd5 Bxd5 25. Ng3 Bc6 26. Ne4 Red8 27. Rad1 Rxd2 28. Rxd2 Nb7 29. Kf2 Kf8 30. g3 Bxe4 31. Bxe4 Nc5 32. Bc2 Ke7 33. Ke3 Rb8 34. Kf4 a5 35. a3 Ne6+ 36. Ke5 f6+ 37. Ke4 Nc5+ 38. Kf4 Rd8 39. Rxd8 Kxd8 40. h4 Ke7 41. h5 gxh5 42. Bxh7 Na4 43. Ke3 Nxc3 44. Kd4 Ne2+ 45. Kc5 c3 0-1

[Event "Corr"]
[Site "?"]
[Date "2002.06.15"]
[Round "?"]
[White "Hill Grayling V.(USA)"]
[Black "Yamaliev Vil Usbekovich (RUS"]
[Result "1/2-1/2"]
[WhiteElo "2271"]
[BlackElo "2515"]
[PlyCount "94"]
[EventDate "2002.??.??"]
[Source "www.chesslib.no"]
[SourceDate "2004.05.04"]

1. d4 Nf6 2. c4 g6 3. Nc3 d5 4. cxd5 Nxd5 5. e4 Nxc3 6. bxc3 Bg7 7. Bc4 O-O 8. Ne2 b6 9. h4 Nc6 10. h5 Na5 11. Bd3 e5 12. hxg6 fxg6 13. Be3 Qe7 14. Qd2 exd4 15. Bxd4 c5 16. Bxg7 Qxg7 17. Qg5 Be6 18. f4 Rad8 19. Bc2 Nc4 20. Bb3 Rfe8 21. Rh3 Qe7 22. Qxe7 Rxe7 23. Rg3 Na3 24. Kf2 Rd2 25. Bxe6+ Rxe6 26. e5 Re7 27. Rf3 b5 28. Kf1 g5 29. Rg3 h6 30. fxg5 Nc2 31. gxh6+ Kh7 32. Rb1 Rxe5 33. Nf4 Re4 34. Rf3 Kxh6 35. Kg1 b4 36. Rb2 Rd1+ 37. Kf2 Ne1 38. Re2 Rxe2+ 39. Kxe2 Ra1 40. Re3 Nc2 41. Rh3+ Kg5 42. Ne6+ Kg4 43. Nxc5 Rxa2 44. Kd3 Ne1+ 45. Kc4 bxc3 46. Kxc3 Nxg2 47. Rh6 Ne3 1/2-1/2

[Event "Ano Liosia GRE"]
[Site "?"]
[Date "1997.??.??"]
[Round "?"]
[White "Kalesis Nikolaos"]
[Black "Gesos Pavlos"]
[Result "0-1"]
[WhiteElo "2395"]
[BlackElo "2385"]
[PlyCount "56"]
[EventDate "1997.??.??"]
[Source "www.chesslib.no"]
[SourceDate "2004.05.04"]

1. d4 Nf6 2. c4 g6 3. Nc3 d5 4. cxd5 Nxd5 5. e4 Nxc3 6. bxc3 Bg7 7. Bc4 O-O 8. Ne2 b6 9. O-O Bb7 10. f3 Nc6 11. Be3 Qd7 12. Qd2 Na5 13. Bd3 c5 14. dxc5 Rfd8 15. Rfd1 bxc5 16. Qb2 Qc7 17. Rab1 Rac8 18. Qa3 e6 19. c4 Rd7 20. Nc3 Qd8 21. Be2 Bd4 22. Nb5 Nxc4 23. Bxc4 Bxe3+ 24. Qxe3 Rxd1+ 25. Rxd1 Qxd1+ 26. Kf2 a6 27. Na7 Qc2+ 28. Be2 Rd8 0-1

[Event "Baldwin BSG-Amstelve"]
[Site "Baldwin BSG-Amstelve"]
[Date "1990.??.??"]
[Round "?"]
[White "Peek, Marcel"]
[Black "Peelen, Piet"]
[Result "1-0"]
[WhiteElo "2365"]
[BlackElo "2380"]
[PlyCount "69"]
[EventDate "1990.??.??"]
[Source "www.chesslib.no"]
[SourceDate "2004.05.04"]

1. d4 Nf6 2. c4 g6 3. Nc3 d5 4. cxd5 Nxd5 5. e4 Nxc3 6. bxc3 Bg7 7. Bc4 O-O 8. Ne2 b6 9. h4 Nc6 10. Bd5 Bb7 11. h5 e6 12. Bb3 Na5 13. hxg6 hxg6 14. Qd3 Nxb3 15. axb3 f5 16. Qg3 Bxe4 17. Bh6 Qf6 18. Bg5 f4 19. Bxf4 Qf5 20. Bxc7 Rac8 21. Be5 Bxe5 22. dxe5 Bd3 23. Rh3 Bxe2 24. Kxe2 Qc2+ 25. Kf1 Rxc3 26. f3 Rxb3 27. Qh4 Rb1+ 28. Rxb1 Qxb1+ 29. Kf2 Qc2+ 30. Kg1 Kf7 31. Qf6+ Ke8 32. Qxe6+ Kd8 33. Qd6+ Ke8 34. Rh7 Rf7 35. Rh8+ 1-0

[Event "SVK Cup"]
[Site "?"]
[Date "2003.??.??"]
[Round "1"]
[White "Michal Silvio"]
[Black "Navara David"]
[Result "0-1"]
[WhiteElo "2168"]
[BlackElo "2576"]
[PlyCount "68"]
[EventDate "2003.??.??"]
[Source "www.chesslib.no"]
[SourceDate "2004.05.04"]

1. d4 Nf6 2. c4 g6 3. Nc3 d5 4. cxd5 Nxd5 5. e4 Nxc3 6. bxc3 Bg7 7. Bc4 O-O 8. Ne2 b6 9. O-O Bb7 10. Qd3 Nc6 11. Be3 Qc8 12. Rfd1 Na5 13. Ng3 e6 14. f3 c5 15. Rac1 Nxc4 16. Qxc4 cxd4 17. cxd4 Qxc4 18. Rxc4 Rac8 19. Rxc8 Rxc8 20. Rd2 Kf8 21. Kf2 Ke8 22. Ne2 Bf8 23. Rb2 Ba6 24. Nf4 Ba3 25. Rd2 Bc1 26. d5 Bxd2 27. Bxd2 Rc2 28. Ke3 e5 29. Nd3 Bxd3 30. Kxd3 Rxa2 31. g3 Kd7 32. f4 exf4 33. gxf4 Rxd2+ 34. Kxd2 Kd6 0-1

[Event "Bagneux"]
[Site "Bagneux FRA"]
[Date "1994.??.??"]
[Round "6"]
[White "Wagner, Claude"]
[Black "Gyorkos, Lajos"]
[Result "1/2-1/2"]
[WhiteElo "2330"]
[BlackElo "2395"]
[PlyCount "23"]
[EventDate "1994.??.??"]
[Source "www.chesslib.no"]
[SourceDate "2004.05.04"]

1. d4 Nf6 2. c4 g6 3. Nc3 d5 4. cxd5 Nxd5 5. e4 Nxc3 6. bxc3 Bg7 7. Bc4 O-O 8. Ne2 b6 9. h4 Nc6 10. h5 Na5 11. Bd3 e5 12. Be3 1/2-1/2

[Event "NRW Ch Juniors"]
[Site "Suedlohn"]
[Date "1981.??.??"]
[Round "4"]
[White "Panczyk, Krzysztof"]
[Black "Vetter, Herbert"]
[Result "1-0"]
[WhiteElo "2365"]
[BlackElo "2270"]
[PlyCount "33"]
[EventDate "1981.04.??"]
[Source "www.chesslib.no"]
[SourceDate "2004.05.04"]

1. d4 Nf6 2. c4 g6 3. Nc3 d5 4. cxd5 Nxd5 5. e4 Nxc3 6. bxc3 Bg7 7. Bc4 O-O 8. Ne2 b6 9. Bd5 c6 10. Bb3 Qc7 11. h4 c5 12. h5 Bb7 13. hxg6 hxg6 14. Qd3 e6 15. Qh3 Re8 16. e5 Bd5 17. Bg5 1-0

[Event "Budapest HUN"]
[Site "?"]
[Date "1997.??.??"]
[Round "7"]
[White "Fordan Tibor"]
[Black "Tomescu Vlad"]
[Result "0-1"]
[WhiteElo "2225"]
[BlackElo "2380"]
[PlyCount "90"]
[EventDate "1997.??.??"]
[Source "www.chesslib.no"]
[SourceDate "2004.05.04"]

1. d4 Nf6 2. c4 g6 3. Nc3 d5 4. cxd5 Nxd5 5. e4 Nxc3 6. bxc3 Bg7 7. Bc4 O-O 8. Ne2 b6 9. O-O Bb7 10. f3 c5 11. Be3 cxd4 12. cxd4 Nc6 13. Rc1 Qd7 14. Bb5 a6 15. Bxc6 Bxc6 16. d5 Bb5 17. Re1 Rab8 18. Nd4 Ba4 19. Qd2 e6 20. Nc6 Rbc8 21. Qb4 Bxc6 22. dxc6 Rxc6 23. Rxc6 Qxc6 24. Qxb6 Qc4 25. Qb3 Qxb3 26. axb3 Rb8 27. Rd1 Bc3 28. Rd6 Rxb3 29. Rxa6 h5 30. Ra2 Be5 31. Kf2 Bxh2 32. Bg5 Be5 33. g3 Kf8 34. Ra8+ Kg7 35. Ra2 f6 36. Bd2 g5 37. Kg2 g4 38. f4 Bd4 39. Rc2 Kf7 40. Bc1 Ke7 41. Re2 Kd6 42. Bd2 Kc5 43. e5 fxe5 44. fxe5 Kd5 45. Bf4 Rb2 0-1

[Event "ESP Ch"]
[Site "ESP"]
[Date "1993.??.??"]
[Round "7"]
[White "Villavicencio Martinez, Adalberto"]
[Black "San Claudio Gonzalez, Francisco Javier"]
[Result "1/2-1/2"]
[WhiteElo "2360"]
[BlackElo "2240"]
[PlyCount "30"]
[EventDate "1993.08.??"]
[Source "www.chesslib.no"]
[SourceDate "2004.05.04"]

1. d4 Nf6 2. c4 g6 3. Nc3 d5 4. cxd5 Nxd5 5. e4 Nxc3 6. bxc3 Bg7 7. Bc4 O-O 8. Ne2 b6 9. O-O Bb7 10. Qd3 c5 11. Bg5 cxd4 12. cxd4 Nc6 13. Rad1 Rc8 14. Qa3 h6 15. Be3 Na5 1/2-1/2

[Event "FRA-chT"]
[Site "France"]
[Date "2002.05.03"]
[Round "10.9"]
[White "Nicoara, Malina"]
[Black "Nepeina Leconte, Maria"]
[Result "1-0"]
[WhiteElo "2225"]
[BlackElo "2308"]
[PlyCount "141"]
[EventDate "2002.02.01"]
[Source "ChessBase"]
[SourceDate "2002.07.08"]

1. d4 Nf6 2. c4 g6 3. Nc3 d5 4. cxd5 Nxd5 5. e4 Nxc3 6. bxc3 Bg7 7. Bc4 O-O 8. Ne2 b6 9. O-O Nc6 10. a4 Na5 11. Bd3 c5 12. Be3 Qc7 13. Rc1 Bb7 14. f3 Rad8 15. Kh1 e6 16. Bg5 Rd7 17. Bb5 Bc6 18. Qe1 a6 19. Bxc6 Qxc6 20. e5 f6 21. exf6 Bxf6 22. Bxf6 Rxf6 23. Qh4 Rff7 24. dxc5 bxc5 25. Ng3 Nb3 26. Rb1 c4 27. Ne4 e5 28. Rbd1 Rd3 29. Rxd3 cxd3 30. Qd8+ Kg7 31. Qxd3 Qxa4 32. h3 Rd7 33. Qe3 Qc6 34. Rb1 Na5 35. Kh2 Nc4 36. Qg5 h6 37. Qg3 a5 38. Qf2 a4 39. Qa2 Ne3 40. Ra1 Ra7 41. Rb1 a3 42. Qf2 Rb7 43. Rxb7+ Qxb7 44. Qxe3 a2 45. Qc1 Qb1 46. Qa3 Kf7 47. Nd2 Qa1 48. Nb1 Qxb1 49. Qd6 Qe1 50. Qd5+ Ke7 51. Qd3 Kf6 52. c4 Qf2 53. Qd6+ Kf5 54. Qf8+ Ke6 55. Qxh6 Qc2 56. Qf8 Qa4 57. c5 g5 58. Qd6+ Kf5 59. g4+ Kf4 60. Qf6+ Ke3 61. Qxe5+ Kxf3 62. Qd5+ Kf2 63. Qxg5 Qc6 64. Qf5+ Ke3 65. g5 Qc7+ 66. Kg2 Qb7+ 67. Kg3 Qb8+ 68. Kg4 Qb4+ 69. Kh5 Qc4 70. g6 Qd4 71. Kh6 1-0

[Event "Oberliga Wuert 0001"]
[Site "?"]
[Date "2000.10.15"]
[Round "1.3"]
[White "Hoersch Heiner"]
[Black "Dietzel Jan Arthur"]
[Result "1/2-1/2"]
[WhiteElo "2222"]
[BlackElo "2283"]
[PlyCount "65"]
[EventDate "2000.??.??"]
[Source "www.chesslib.no"]
[SourceDate "2004.05.04"]

1. d4 Nf6 2. c4 g6 3. Nc3 d5 4. cxd5 Nxd5 5. e4 Nxc3 6. bxc3 Bg7 7. Bc4 O-O 8. Ne2 b6 9. O-O Bb7 10. f3 Nc6 11. Be3 e5 12. Bd5 Na5 13. Bxb7 Nxb7 14. Rc1 c6 15. Qd2 Nd6 16. c4 b5 17. cxb5 cxb5 18. dxe5 Bxe5 19. Bd4 Nc4 20. Qc3 Bxd4+ 21. Qxd4 Qxd4+ 22. Nxd4 a6 23. Nc6 Kg7 24. a4 Nd2 25. Rfd1 Nb3 26. Rc3 bxa4 27. Rc4 Rfc8 28. Rd6 a3 29. Ra4 Nc5 30. Rxa3 Nb7 31. Rd7 Rxc6 32. Rxb7 Rc2 33. Rd3 1/2-1/2

[Event "Isle of Lewis Open"]
[Site "Isle of Lewis"]
[Date "1995.??.??"]
[Round "?"]
[White "Ball, Jol DL"]
[Black "Umesh, Santosh"]
[Result "1/2-1/2"]
[WhiteElo "2230"]
[BlackElo "2235"]
[PlyCount "46"]
[EventDate "1995.??.??"]
[Source "www.chesslib.no"]
[SourceDate "2004.05.04"]

1. d4 Nf6 2. c4 g6 3. Nc3 d5 4. cxd5 Nxd5 5. e4 Nxc3 6. bxc3 Bg7 7. Bc4 O-O 8. Ne2 b6 9. O-O Bb7 10. f3 Nc6 11. Be3 e5 12. Rc1 Na5 13. Bd3 Qe7 14. d5 c5 15. c4 Bc8 16. Nc3 Nb7 17. Rb1 Bd7 18. Bc2 Nd6 19. Qe2 f5 20. Nb5 Bxb5 21. cxb5 Bf6 22. a4 f4 23. Bd2 g5 1/2-1/2

[Event "GER-chT Lander (Women)"]
[Site "?"]
[Date "2003.04.04"]
[Round "2.1"]
[White "Nill Jessica"]
[Black "Bakalarz Grazyna"]
[Result "1-0"]
[WhiteElo "2271"]
[BlackElo "2107"]
[PlyCount "45"]
[EventDate "2003.??.??"]
[Source "www.chesslib.no"]
[SourceDate "2004.05.04"]

1. d4 Nf6 2. c4 g6 3. Nc3 d5 4. cxd5 Nxd5 5. e4 Nxc3 6. bxc3 Bg7 7. Bc4 O-O 8. Ne2 b6 9. Be3 Nc6 10. O-O Na5 11. Bd3 e5 12. Rc1 c6 13. f4 exd4 14. cxd4 Bg4 15. h3 Be6 16. f5 gxf5 17. exf5 Bd5 18. f6 Bxf6 19. Nf4 Qe7 20. Qg4+ Bg7 21. Qf5 Qh4 22. Nh5 Bxd4 23. Qxh7# 1-0

[Event "Piotrkow Trybunalski women"]
[Site "Piotrkow Trybunalski"]
[Date "1979.05.25"]
[Round "7"]
[White "Garcia Vicente, Nieves"]
[Black "Semenova, Lidia K"]
[Result "0-1"]
[WhiteElo "2130"]
[BlackElo "2240"]
[PlyCount "62"]
[EventDate "1979.05.19"]
[Source "www.chesslib.no"]
[SourceDate "2004.05.04"]

1. d4 Nf6 2. c4 g6 3. Nc3 d5 4. cxd5 Nxd5 5. e4 Nxc3 6. bxc3 Bg7 7. Bc4 O-O 8. Ne2 b6 9. h4 Bb7 10. Qd3 h6 11. f4 Nc6 12. Qg3 Na5 13. Bd3 f5 14. e5 Qe8 15. Be3 Rc8 16. h5 gxh5 17. Qh3 Be4 18. Bxe4 fxe4 19. Qxh5 Nc4 20. Qxe8 Rcxe8 21. Bc1 c5 22. dxc5 bxc5 23. Ng3 e3 24. Nh5 Rd8 25. Rh3 Rf5 26. Ke2 Bxe5 27. fxe5 Rf2+ 28. Ke1 Rdf8 29. Rh1 Rxg2 30. Rf1 Rxf1+ 31. Kxf1 e2+ 0-1

[Event "Andorra la Vella"]
[Site "?"]
[Date "2003.07.09"]
[Round "6.33"]
[White "Lopez Gonzalez Daniel"]
[Black "Van der Heijden Anton"]
[Result "1/2-1/2"]
[WhiteElo "2114"]
[BlackElo "2245"]
[PlyCount "67"]
[EventDate "2003.??.??"]
[Source "www.chesslib.no"]
[SourceDate "2004.05.04"]

1. d4 Nf6 2. c4 g6 3. Nc3 d5 4. cxd5 Nxd5 5. e4 Nxc3 6. bxc3 Bg7 7. Bc4 O-O 8. Ne2 b6 9. O-O Bb7 10. f3 Nc6 11. Rb1 Na5 12. Bd3 c5 13. d5 c4 14. Bc2 Qd6 15. Nd4 e6 16. Nb5 Qc5+ 17. Kh1 Rfd8 18. Ba3 Qc8 19. d6 Qd7 20. Qe2 e5 21. Rfd1 Bc6 22. Nc7 Rac8 23. Nd5 Bxd5 24. Rxd5 Qc6 25. Qd1 a6 26. d7 Rc7 27. Be7 Rdxd7 28. Rxb6 Qxb6 29. Rxd7 Rxd7 30. Qxd7 h5 31. Qd8+ Qxd8 32. Bxd8 Nb7 33. Be7 Bf8 34. Bxf8 1/2-1/2

[Event "CZE-chTV 0001"]
[Site "?"]
[Date "2000.??.??"]
[Round "3"]
[White "Makes Martin"]
[Black "Stursa Jan"]
[Result "0-1"]
[WhiteElo "2110"]
[BlackElo "2230"]
[PlyCount "88"]
[EventDate "2000.??.??"]
[Source "www.chesslib.no"]
[SourceDate "2004.05.04"]

1. d4 Nf6 2. c4 g6 3. Nc3 d5 4. cxd5 Nxd5 5. e4 Nxc3 6. bxc3 Bg7 7. Bc4 O-O 8. Ne2 b6 9. O-O Bb7 10. f3 Nc6 11. Ba3 Na5 12. Bd3 Qd7 13. Qc2 Rfd8 14. Rfd1 Bc6 15. Nc1 Ba4 16. Nb3 c5 17. dxc5 bxc5 18. Bxc5 Qc7 19. Bb4 Nc6 20. Rab1 Be5 21. g3 Nxb4 22. cxb4 Qb6+ 23. Qc5 Bd4+ 24. Nxd4 Bxd1 25. Rxd1 Qxc5 26. bxc5 Rxd4 27. Kf2 Rc8 28. Ke3 Ra4 29. Rc1 Rxa2 30. c6 Rc7 31. e5 Kf8 32. Be4 Rb2 33. Kd4 e6 34. Kc5 Ke7 35. Rb1 Rxb1 36. Bxb1 Kd8 37. Kd6 a5 38. Bc2 Ra7 39. Ba4 Ra6 40. Kc5 Kc7 41. f4 Rb6 42. h3 h5 43. g4 hxg4 44. hxg4 Rb4 0-1

[Event "Caorle Open"]
[Site "Caorle ITA"]
[Date "1984.??.??"]
[Round "8"]
[White "Malfagia, Andrea"]
[Black "De Wit, Johannes S"]
[Result "0-1"]
[WhiteElo "1900"]
[BlackElo "2395"]
[PlyCount "62"]
[EventDate "1984.??.??"]
[Source "www.chesslib.no"]
[SourceDate "2004.05.04"]

1. d4 Nf6 2. c4 g6 3. Nc3 d5 4. cxd5 Nxd5 5. e4 Nxc3 6. bxc3 Bg7 7. Bc4 O-O 8. Ne2 b6 9. Be3 Bb7 10. Bd3 c5 11. d5 e6 12. c4 Bxa1 13. Qxa1 Re8 14. h4 Nd7 15. Bg5 f6 16. Bf4 Qe7 17. h5 g5 18. d6 Qg7 19. h6 Qg6 20. Qb1 gxf4 21. Nxf4 Qf7 22. Be2 Ne5 23. Rh3 Kh8 24. Bh5 Qf8 25. Bxe8 Rxe8 26. Qd1 Qf7 27. Nh5 Bxe4 28. f4 Nxc4 29. d7 Rd8 30. Qe2 Bg6 31. f5 exf5 0-1